[Event "NED-ch op 5'"]
[Site "Dordrecht"]
[Date "2003.02.15"]
[Round "?"]
[White "Timman, Jan H"]
[Black "Smeets, Jan"]
[Result "1-0"]
[WhiteElo "2590"]
[BlackElo "2465"]
[PlyCount "45"]
[EventDate "2003.02.15"]
[EventType "swiss"]
[EventRounds "34"]
[EventCountry "NED"]
[SourceTitle "CBM 092 Extra"]
[Source "ChessBase"]
[SourceDate "2003.03.07"]
[SourceVersion "1"]
[SourceVersionDate "2003.03.07"]
[SourceQuality "1"]

1. e4 e5 2. Nf3 Nc6 3. Bb5 a6 4. Bxc6 dxc6 5. O-O f6 6. d4 exd4 7. Nxd4 c5 8.
Ne2 Qxd1 9. Rxd1 Bd7 10. Nbc3 O-O-O 11. Be3 Bd6 12. Bf4 Bxf4 13. Nxf4 Ne7 14.
f3 Nc6 15. Ncd5 b5 16. Nd3 c4 17. Nc5 a5 18. b3 cxb3 19. cxb3 Be8 20. Rac1 Rd6
21. Na6 Bf7 22. Naxc7 Bxd5 23. Nxb5 1-0

[Event "Sigeman & Co 11th"]
[Site "Malmo"]
[Date "2003.04.30"]
[Round "2"]
[White "Timman, Jan H"]
[Black "Hansen, Curt"]
[Result "1-0"]
[WhiteElo "2579"]
[BlackElo "2610"]
[Annotator "Psakhis,L"]
[PlyCount "81"]
[EventDate "2003.04.29"]
[EventType "tourn"]
[EventRounds "9"]
[EventCountry "SWE"]
[EventCategory "13"]
[SourceTitle "CBM 095"]
[Source "ChessBase"]
[SourceDate "2003.07.25"]
[SourceVersion "1"]
[SourceVersionDate "2003.07.25"]
[SourceQuality "1"]

1. e4 e6 2. d4 d5 3. e5 c5 4. c3 Nc6 5. Nf3 Qb6 6. a3 Nh6 {This move becomes
very popular in modern practice, but I don't sure, that old} (6... c4 {is
weaker.}) 7. b4 cxd4 8. cxd4 (8. Bxh6 gxh6 9. cxd4 Bd7 10. Be2 Rc8 11. O-O Bg7
12. Qd2 O-O 13. Ra2 f6 14. b5 Na5 15. exf6 Rxf6 16. Ne5 Be8 17. Qe3 Rf5 $132 {
0-1 Bosch,J-Lputian,S/Wijk aan Zee-B 1999/CBM 69 (28) leads to sharp and
complicated game.}) 8... Nf5 9. Bb2 Bd7 10. g4 Nh6 (10... Nfe7 $5 11. Nc3 Na5
12. Nd2 Rc8 13. Rc1 Ng6 14. h4 Be7 15. g5 h6 16. gxh6 Rxh6 17. h5 Nh4 18. Qg4
Nf5 19. Bd3 $14 {1-0 Grischuk,A-Radjabov,T/Wijk aan Zee-A 2003/}) 11. h3 (11.
Rg1 f6 12. exf6 gxf6 13. Nc3 Nf7 14. Rc1 Bh6 15. Rc2 Ne7 16. h4 Bf4 17. Bd3 h6
18. Re2 Qc7 19. Qb3 Nd6 $132 {1/2-1/2 Lautier,J-Bauer,C/FRA-ch Val d'Isere
2002/}) 11... Be7 ({Black could also play} 11... f6 12. Bd3 Nf7 {[%csl Re5]
putting pressure on the e5 point.}) ({Worth considering and} 11... Rc8 $5) 12.
Bd3 (12. Nc3 $5 O-O 13. Na4 Qd8 14. Nc5 Rb8 15. Bd3 Be8 16. Qb1 g6 17. Qc1 $36
{Haba,P-Koutsin,S/Wattens op 1999/EXT 2001/1-0 (42)}) 12... Rc8 13. Nbd2 $146 {
Novelty. After} (13. Qd2 Ng8 14. O-O f6 15. Re1 fxe5 16. dxe5 Nh6 17. Nd4 Nf7
18. Nxc6 Bxc6 {1-0 Merenkov,M-Podlesny,P/Moravia-ch 1996 (36) Black equalized
without problems.}) 13... Nb8 {[%cal Gd7b5]} (13... a5 $143 $2 14. b5 $16) (
13... Na5 $6 14. Rc1 $36) 14. Qe2 {Timman prevents the exchange of
light-coloured bishops.} a6 {Black is persistent!} 15. Nb1 $1 Nc6 ({After} 
15... Bb5 16. Bxb5+ axb5 17. Nc3 Rc4 18. Nd2 $1 {white's chances are clearly
better.}) 16. O-O O-O 17. Nc3 $1 {[%cal Gc3a4]} Nxd4 $2 {Brave, but wrong
decition. I agree that greedness is an integral quality of a strong player,
But at this moment Curt takes too big obligations!} ({Right was} 17... Qd8 {
for example} 18. Qe3 (18. Na4 $6 Nxe5 19. dxe5 Bxa4) 18... f6 $1 19. exf6 Rxf6
20. g5 Rxf3 $1 21. Qxf3 Nxd4 (21... Bxg5 $5) 22. Qg2 Nhf5 {with some
compensation for exchange}) 18. Nxd4 Qxd4 19. Ne4 Qb6 20. Nf6+ $1 {[%mdl 128]
It's hard to believe that Hansen missed this move, but certainly he
underestimated it!} Bxf6 ({It is clear that Black can't play} 20... gxf6 21.
exf6 Bd6 22. Qd2 $18) 21. exf6 Bb5 {Finally, but the time has been missed
already!} ({But and in the case of} 21... e5 $5 22. Qxe5 (22. Bxe5 Rfe8 23. Qb2
$16) 22... Qxf6 23. Qxf6 gxf6 24. Bxf6 {White would keep solid advantage}) 22.
Bxb5 Qxb5 23. Qe3 {[%cal Re3g5] Simple and strong move, White calmly brings
more pieces into attack, making Black's survival impossible.} d4 $8 24. Bxd4
Rfd8 25. Rfd1 $6 {Probably, White could win much easy after} (25. Rac1 $1 {
for example} Rc6 26. Rxc6 bxc6 27. fxg7 $18) 25... Rd5 {Suddenly White is back
in the game! Timman is still winning, but he has to be very careful.} 26. Bb2
$1 {Avoiding sly trap -} (26. fxg7 {allowed Black to play} Nxg4 $1 27. hxg4 Qd7
$1 {[%csl Rd4,Rg4][%cal Ge6e5,Gd7d1] and it is difficult already for White to
keep balance, for example:} 28. Rd2 e5 29. Bc3 Rxc3 $1 30. Rxd5 $2 Qxg4+ $19)
26... Rg5 (26... g5 27. Rxd5 Qxd5 28. Rc1 Rd8 29. Be5 $18) 27. Rac1 Re8 28. Qf4
(28. f4 Nxg4 29. hxg4 Rxg4+ 30. Kf2 Qf5) ({Worth considering simple} 28. Qd3 $5
{with big advantahe}) 28... Rg6 29. Rc5 Qe2 ({Or} 29... Qa4 30. Rd3 gxf6 31.
Bxf6 Nf5 32. Bb2 h5 33. Kf1 $18) 30. Rd2 Qe1+ 31. Kh2 Qf1 (31... gxf6 $2 32.
Rc1 $18 {[%csl Re1] lose immediately.}) (31... e5 32. Rxe5 Rxe5 33. Qxe5 Qxe5+
34. Bxe5 gxf6 35. Rd8+ Kg7 36. Bd4 $18 {[%csl Rd4,Rd8]}) 32. Rh5 (32. fxg7 f5
33. Rc1 (33. g5 Nf7 34. h4 h6) 33... Qb5 34. gxf5 Nxf5 35. Qe5 $18 {was good
enough}) ({was , probably , the easiest way to the victory} 32. Qf3 $142 $5 $18
{[%csl Rf1][%cal Rd2d1]}) 32... Nf5 (32... Qb1 $142 $1 33. fxg7 $140 Nf5) 33.
Qf3 {Beggining of the end!} Nh6 ({Doesn't help and} 33... Qb1 34. Qe2 {[%csl
Rf5][%cal Gd2d1]}) 34. fxg7 f5 {Desperation!} 35. g5 {[%csl Rg6,Rh6]} Nf7 36.
Bf6 ({Missing a simple combination -} 36. Rxh7 $1 Kxh7 37. Qh5+ Nh6 38. g8=Q+
Rexg8 39. Rd7+) 36... Nxg5 37. Bxg5 h6 38. Rd1 Qb5 39. Bxh6 Qe5+ 40. Kh1 Qf6
41. Be3 1-0

[Event "Sigeman & Co 11th"]
[Site "Malmo"]
[Date "2003.05.08"]
[Round "9"]
[White "Timman, Jan H"]
[Black "Lindberg, Bengt"]
[Result "1-0"]
[WhiteElo "2579"]
[BlackElo "2392"]
[Annotator "Stohl,I"]
[PlyCount "107"]
[EventDate "2003.04.29"]
[EventType "tourn"]
[EventRounds "9"]
[EventCountry "SWE"]
[EventCategory "13"]
[SourceTitle "CBM 095"]
[Source "ChessBase"]
[SourceDate "2003.07.25"]
[SourceVersion "1"]
[SourceVersionDate "2003.07.25"]
[SourceQuality "1"]

1. c4 Nf6 2. Nc3 c5 3. Nf3 e6 4. g3 b6 5. Bg2 Bb7 6. O-O Be7 7. d4 cxd4 8. Qxd4
d6 9. b3 Nbd7 10. Bb2 {White doesn't want to "refute" the Hedgehog and just
develops his pieces to sensible squares.} (10. Rd1 a6 11. e4 Qc8 $1 $132 (11...
O-O $6 12. Ba3 Nc5 13. e5 dxe5 14. Qxd8 Rfxd8 15. Nxe5 $36)) (10. e4 O-O 11.
Qe3 a6 {can lead to the line, championed by Uhlmann:} 12. Nd4 Qc7 13. Bb2 Rfe8
14. h3 Rad8 15. Rfe1 Qb8 16. Re2 h6 17. Rae1 Nh7 18. Qd2 Bg5 19. Qd1 Bf6 20.
Rd2 Bg5 21. f4 Be7 22. a3 Qa8 23. Qe2 Bf6 24. b4 Nhf8 25. Nc2 Be7 26. Red1 Rc8
27. Ne3 Rc7 28. Kh2 Rec8 $132 {Uhlmann,W-Kuligowski,A/Zinnowitz/1981/}) 10...
a6 {Now both sides finish their set-ups and a positional struggle begins.} 11.
Rfd1 Qc7 12. e4 O-O 13. Qe3 Ng4 $146 {A new move, which however loses a time.}
({Already in the early eighties it was know the most consistent is} 13... Rfe8
14. Rac1 (14. Nd4 Bf8 15. Rac1 Rad8 16. Qe2 (16. Re1 Qb8 17. Qd2 Nc5 18. Re2
Ba8 19. Rce1 g6 20. Qc2 Bg7 21. Rd1 Bb7 22. Qb1 Qa8 23. Rde1 Rc8 24. h3 Red8
$11 {Liberzon,V-Adorjan,A/Vienna/1980/}) 16... Qb8 17. Re1 g6 18. Rcd1 Bg7 19.
Qc2 Ba8 20. Qb1 Nc5 21. Re2 Ng4 22. h3 Nf6 23. Kh2 $6 h5 24. h4 Rc8 25. Kg1 Ng4
26. f3 Ne5 27. Rdd2 Qa7 28. Kh1 Red8 29. f4 Ng4 $15 {Garcia Gonzales,G-Karpov,
A/Linares/1981/}) 14... Rac8 15. h3 Qb8 (15... Bf8 16. Re1 Qb8 17. Nd4 g6 18.
Rcd1 Bg7 19. g4 Nc5 20. f3 Ba8 21. h4 Rcd8 22. Qf2 h6 23. Rd2 g5 $1 24. hxg5
hxg5 25. Red1 Nh7 26. Nde2 Be5 27. Nb1 $11 {1/2,Pfleger,H-Jansa,V/Moscow
EU-chT/1977/}) 16. g4 Nc5 17. Nd4 g6 18. Nde2 e5 $5 19. Nd5 Nxd5 20. cxd5 a5
21. f4 Ba6 22. fxe5 dxe5 23. Kh1 Nd7 24. Ng1 Bc5 25. Qg3 Qd6 26. Bf1 Bxf1 27.
Rxf1 Ba3 28. Bxa3 Qxa3 29. Qf3 Qe7 $11 {Vogt,L-Smejkal,J/Trencianske Teplice/
1979/}) 14. Qe2 Nge5 15. Nd4 $14 {White avoids exchanges, which would ease the
task of the cramped defender.} Rfe8 16. Rac1 Rad8 17. Nc2 Qb8 (17... Bf8 18.
Ne3 $14 {[%cal Yf2f4,Yg3g4] (),/\f4|^>>}) 18. f4 Ng6 (18... Nc6 19. g4 $5 {
/\g5,Ne3-g4 and White >>-> has more chances to break Black's defence, than in
the game.}) 19. Kh1 Qa8 20. Re1 {For the time being White avoids any further
committal pawn advances.} (20. h4 h6 $5 21. h5 Ngf8 $13) 20... Ngf8 21. Rcd1
Nf6 22. Nd4 {White wants to stop tactics connected with d5.} (22. a4 h5 $5 (
22... N8d7 23. g4 $14) 23. a5 bxa5 24. Ra1 d5 $1 {/\} 25. e5 dxc4 $1 $13) 22...
h5 23. Bf3 g6 24. Nc2 {Inconsistent, as Black was hardly planning to play an
immediate e5.} (24. Qg2 $5 $14 {[%cal Ye4e5] /\} N8d7 25. e5 Bxf3 26. Nxf3 dxe5
27. fxe5 $36) (24. e5 $2 dxe5 25. fxe5 Rxd4 $1 $19) 24... N8d7 25. Kg2 Bf8 26.
a4 Rc8 (26... Nc5 $143 27. Nb5 $5 axb5 28. Bxf6 $16) 27. Na3 e5 {[%mdl 64]
After prolonged manoeuvring Black decides to lash out. Although this move
leads to interesting tactical complications, it was probably sounder to be
patient.} (27... Nc5 28. b4 (28. Qc2 Bg7 $5 29. Rxd6 Red8 $44) 28... Ncd7 $132)
28. f5 $6 (28. Nd5 $142 $1 Nxd5 (28... Bxd5 29. cxd5 exf4 30. gxf4 Bh6 (30...
Nxe4 $2 31. Bxe4 f5 32. Qd3 fxe4 33. Qd4 $40) 31. Qe3 $36) 29. cxd5 $14) 28...
gxf5 (28... g5 29. Bxh5 Nc5 30. Bf3 Nxb3 31. Nd5 $14 {׻}) (28... Nc5 29. b4
Nb3 30. fxg6 fxg6 31. Nd5 Bxd5 32. exd5 $1 $16 {[%cal Re2d3] /\Qd3}) 29. exf5
e4 $2 (29... Bxf3+ 30. Qxf3 Qxf3+ 31. Kxf3 Nc5 {/\} 32. b4 e4+ 33. Kg2 Nd3 $36)
30. Bxh5 Ne5 31. Nd5 $5 Bxd5 (31... Nxd5 $5 32. Bxe5 $5 Rxe5 33. cxd5 Bxd5 (
33... Rxd5 $2 34. Qg4+ Kh8 35. Bxf7 $18) 34. Nc4 $1 $14) (31... e3 32. Bf3 $1
$16) 32. cxd5 Rc5 (32... Nxd5 33. Bxe5 $1 (33. Qxe4 $2 Ne3+ $3 34. Rxe3 Ng4 $17
) 33... dxe5 (33... Rxe5 34. Nc4 $18) 34. Qg4+ Bg7 35. Rxd5 Qxd5 36. f6 Qd2+
37. Re2 Qh6 38. fxg7 $18) 33. Nc4 b5 34. Nxe5 (34. axb5 $142 axb5 (34... Rxb5 {
[%csl Rb3] ><b3} 35. Bxe5 dxe5 36. d6 $36) 35. Ne3 $36 (35. Nxe5 dxe5 36. d6
Qc6 $132)) 34... dxe5 35. d6 bxa4 36. bxa4 Qc6 $1 37. d7 Rd8 (37... Nxd7 $6 38.
Bxf7+ Kxf7 39. Qh5+ Ke7 40. Ba3 $40) 38. Qe3 $1 Rc2+ 39. Re2 Nxh5 $2 $138 (
39... Bg7 40. Qb3 (40. Bxf7+ $2 Kxf7 41. Qb3+ Nd5 $1 42. Rxc2 Qxc2+ $1 43. Qxc2
Ne3+ $17) 40... Rxe2+ (40... Rc4 $2 41. Bxf7+ $1 Kxf7 42. Rc1 $18) 41. Bxe2 $14
) 40. Rxc2 Qxc2+ 41. Rd2 Qc7 (41... Qc6 $5 42. Qg5+ Ng7 43. Qxd8 e3+ 44. Kh3
exd2 45. Qxf8+ Kxf8 46. d8=Q+ Ne8 (46... Qe8 47. Qxd2 Nxf5 48. g4 $16) 47. Qxd2
Qxa4 48. Bxe5 $16) 42. Qg5+ Ng7 43. Bxe5 $1 $18 (43. f6 $2 e3 44. fxg7 Bxg7 45.
Qxe3 (45. Bxe5 Qc6+ 46. Kh3 f6 $17) 45... Rxd7 $11) 43... Qxe5 (43... Qa5 44.
f6 e3 45. Rd4 $18) 44. Qxd8 e3 (44... Nxf5 45. Qg5+ $18) (44... Qxf5 45. Qxf8+
Kxf8 46. d8=Q+ Ne8 47. Qd5 Qf3+ 48. Kg1 Qe3+ 49. Rf2 $18) 45. Qxf8+ Kxf8 46.
d8=Q+ Ne8 47. Rd1 (47. Re2 $2 Qe4+ 48. Kh3 Qxf5+ 49. Kh4 Qf3 $132) 47... Qxf5 (
47... Qe4+ 48. Kg1 Qxf5 49. Rf1 $18) 48. Rf1 Qc2+ 49. Kg1 Qc5 50. Re1 {[%cal
Rd8d3] /\Qd3+-} Qc3 $8 51. Qd1 Nf6 (51... Nc7 52. Qc1 $18) 52. Qc1 $1 Qb4 (
52... Qd2 53. Qa3+ Kg7 54. Qxe3 $18) 53. Rxe3 Ng4 54. Qa3 (54. Qc8+ Kg7 55.
Qc3+ $18) 1-0

[Event "NED-chT 0304"]
[Site "Netherlands"]
[Date "2003.12.13"]
[Round "4.1"]
[White "Timman, Jan H"]
[Black "Feygin, Michael"]
[Result "1-0"]
[WhiteElo "2576"]
[BlackElo "2491"]
[PlyCount "79"]
[EventDate "2003.09.27"]
[EventType "team-tourn"]
[EventRounds "9"]
[EventCountry "NED"]
[SourceTitle "EXT 2014"]
[Source "ChessBase"]
[SourceDate "2013.11.20"]
[SourceVersion "1"]
[SourceVersionDate "2013.11.20"]
[SourceQuality "1"]
[WhiteTeam "Breda"]
[BlackTeam "Enschede"]
[WhiteTeamCountry "NED"]
[BlackTeamCountry "NED"]

1. e4 e6 2. d4 d5 3. Nc3 Nf6 4. Bg5 Bb4 5. exd5 Qxd5 6. Bxf6 gxf6 7. Qd2 Qg5 8.
Qxg5 fxg5 9. Nf3 f6 10. O-O-O Bxc3 11. bxc3 Nc6 12. Bb5 Bd7 13. Rhe1 Nd8 14.
Bc4 c6 15. Re3 b6 16. h4 h6 17. Rh1 g4 18. Ne1 a5 19. Be2 Rg8 20. Nd3 Kf7 21.
Nf4 Nb7 22. Re1 Nd6 23. Bd3 Rae8 24. h5 f5 25. Ng6 Rxg6 26. hxg6+ Kxg6 27. c4
Kf6 28. f4 c5 29. d5 exd5 30. Rxe8 Bxe8 31. cxd5 Bf7 32. c4 b5 33. cxb5 c4 34.
Bc2 Bxd5 35. g3 h5 36. b6 h4 37. Rd1 Ke6 38. Bxf5+ Nxf5 39. Rxd5 Nd6 40. Re5+
1-0

[Event "Sigeman & Co 13th"]
[Site "Malmo/Copenhagen"]
[Date "2005.04.15"]
[Round "1"]
[White "Timman, Jan H"]
[Black "Palo, Davor"]
[Result "1-0"]
[WhiteElo "2607"]
[BlackElo "2525"]
[Annotator "Ribli,Z"]
[PlyCount "91"]
[EventDate "2005.04.15"]
[EventType "tourn"]
[EventRounds "9"]
[EventCountry "SWE"]
[EventCategory "13"]
[SourceTitle "CBM 107"]
[Source "ChessBase"]
[SourceDate "2005.08.01"]
[SourceVersion "1"]
[SourceVersionDate "2005.08.01"]
[SourceQuality "1"]

{[%mdl 1]} 1. c4 c5 2. Nf3 Nc6 3. Nc3 Nf6 4. g3 g6 5. Bg2 Bg7 6. d4 cxd4 7.
Nxd4 O-O 8. O-O Ng4 {Dieser sonderbare Springerzug wurde zuerst in der Partie
Takacs,S - Yates,F Hastings 1928/29 gespielt und später von Fischer diesen
1960 gegen Saadi,J Mar del Plata). Die Idee des Springerzugs ist, dass Schwarz
seinen Springer durch e5 ins Spiel bringen kann und er gleichzeitig die
Diagonale des g7-Läufers öffnet. Die übliche Fortsetzung ist 8...Nxd4 9.Qxd4
d6.} 9. e3 d6 (9... Nxd4 10. exd4 Nh6) 10. b3 Nge5 (10... a6 11. Bb2 Nxd4 12.
exd4 Rb8 13. Re1 Nh6 14. Nd5 e6 15. Ne3 b5 16. Qe2 bxc4 17. Nxc4 d5 18. Ne5 Bb7
19. g4 $1 $36 {Timman,J-Khalifman,A/Amsterdam Donner/1995/CBM49/}) 11. Bb2 (11.
Nde2 $5 {Die Partiefortsetzung 10.b3 scheint natürlicher, aber mit 11.Nde2!?
hätte Weiß mit mehr Figuren den Raumvorteil aufrecht erhalten können.}) 11...
Nxd4 (11... Bg4 12. f3 (12. Qd2 Nxd4 13. exd4 Nf3+ 14. Bxf3 Bxf3 15. Qe3 Bc6 $6
(15... Bg4 $5) 16. d5 Bd7 17. Nd1 $1 Bxb2 18. Nxb2 e6 19. dxe6 fxe6 $6 (19...
Bxe6 $5 {Der schwarze Läufer braucht mehr Freiheit.}) 20. c5 $1 {Ein schönes,
positionelles Bauernopfer des Anziehenden.} dxc5 21. Nd3 b6 22. Ne5 $44 {
Ribli. 1-0 Mochalov,E-Ostojic,N/Kiev 1995/CBM 51/[Ribli] (75) [#]}) 12... Bd7
13. Qd2 a6 14. f4 (14. Nde2) 14... Ng4 15. Ne4 Qb6 16. Rad1 Rfe8 17. h3 Nf6 18.
Nf2 Rad8 19. g4 e5 20. Ne2 Be6 21. e4 exf4 22. Nxf4 Ne5 23. g5 Nh5 24. Nxh5
gxh5 25. Bd4 {1-0 Burmakin,V-Zontakh,A/Cappelle la Grande 2003/ (61)}) 12. exd4
Nc6 13. d5 Ne5 (13... Nd4 14. Re1 $14) 14. h3 $5 {[%mdl 4] Damit sichert Weiß
das Feld g4, sodass Bg4 und Ng4 nicht möglich sind.} (14. Qd2 h5 15. f4 Ng4 16.
Nd1 Bxb2 17. Qxb2 b5 18. h3 Qb6+ 19. Kh1 Nf6 20. cxb5 Bf5 21. Re1 Rac8 22. Rxe7
Qd8 23. Re2 Re8 24. Rxe8+ Qxe8 25. Qd4 Qe1+ 26. Kh2 h4 27. gxh4 Ng4+ 28. hxg4
Qxh4+ {1/2-1/2 Kiss,A-Hresc,V/AUT 1994/EXT 98 (32)}) 14... a6 {[%cal Gh3g4]}
15. Qe2 Rb8 16. Rfe1 $14 {[%cal Ge1e7] Weiß hat Raumvorteil im Zentrum und
droht jetzt 16.f4.} b5 $8 17. c5 (17. cxb5 axb5 18. f4 (18. Nxb5 Ba6 19. a4 Qb6
$44) 18... Nd7 19. Qxe7 Qb6+ 20. Kh2 Nc5 21. Nd1 Nd3 22. Bxg7 Kxg7 $44) 17...
dxc5 18. Nxb5 $1 Nf3+ 19. Bxf3 Bxb2 20. Qxb2 axb5 21. h4 {[%cal Gh4h5]} (21.
Qe5 Rb7 22. h4 Qd6 $14) 21... Qd6 (21... h5 $2 22. Qc3 $16 {[%cal Rc3c5]}) 22.
Re3 Bb7 (22... Bd7 $142) 23. h5 Rfd8 (23... Bxd5 $2 24. Rd1 e6 25. h6 f6 26.
Rxe6 $1 $18) 24. h6 Qf6 (24... f6 25. Re6 $16) 25. Qxf6 exf6 26. Rd1 {[%csl
Gd5,Gh6] Weiß verfügt über einen kleinen, aber dauerhafte Vorteil im Endspiel;
er hat einen Freibauer auf d5 und der P h6 ist auch stark.} Kf8 27. d6 Bxf3 28.
Rxf3 f5 29. Rc3 {[%csl Rc5][%cal Gd1d5,Gd5b5]} Rbc8 30. Rd5 b4 31. Rcxc5 Rxc5
32. Rxc5 Rxd6 33. Kg2 {[%mdl 4096] Nach diesen Vereinfachungen haben wir ein
Turmendspiel erreicht, in dem Weiß bessere Gewinnchancen besitzt, aber, wie Dr.
Tarrasch sagte:"Alle Turmendspielen sind Remis", Schwarz hat Rettungchancen.}
Ra6 34. Rb5 Rxa2 35. Rxb4 Ra6 $138 (35... Ke7 36. Rb6 $14 {[%cal Gg2f3]}) 36.
Rb8+ Ke7 37. Rh8 Kf6 38. Rxh7 {Weiß hat einen Bauern mehr, aber sein Turm
steht wenig aktiv auf h7.} Ra8 {[%csl Rh7][%cal Ga8h8] Schwarz kontrolliert
seine Grundlinie und der Rh7 hat nur die Möglichkeit, 39.Rg7 zu ziehen, sodann
kommt 39...Rh8 oder ein Wartezug.} 39. b4 g5 $6 (39... Rb8 40. Rg7 f4 $1 41. g4
(41. gxf4 Rh8 42. b5 Rxh6 43. Rg8 Rh5 $14) 41... Rh8 42. b5 Rxh6 43. Rg8 f3+
44. Kxf3 Rh3+ 45. Ke4 Rb3 46. Rb8 Kg5 47. f3 f5+ $11) 40. b5 $18 Rf8 (40... Rb8
41. Rg7 Rxb5 (41... Rh8 42. b6 $18) 42. Rg8 $18) 41. Rg7 {[%csl Gb5,Rf6,Rf8,
Gg7,Gh6] Die einzige Möglichkeit für Weiß; sonst gewinnt Schwarz mit 41...Kg6.}
g4 42. b6 Rh8 43. b7 Rb8 44. Kf1 Re8 45. f3 gxf3 46. g4 $1 (46. g4 fxg4 47.
Rxg4 $18 {[%cal Rh6h7]}) 1-0

[Event "Curacao m1"]
[Site "Curacao"]
[Date "2005.06.12"]
[Round "4"]
[White "Bruzon Batista, Lazaro"]
[Black "Timman, Jan H"]
[Result "0-1"]
[WhiteElo "2669"]
[BlackElo "2607"]
[Annotator "Finkel,A"]
[PlyCount "66"]
[EventDate "2005.06.11"]
[EventType "match (rapid)"]
[EventRounds "8"]
[EventCountry "AHO"]
[SourceTitle "CBM 108"]
[Source "ChessBase"]
[SourceDate "2005.09.26"]
[SourceVersion "1"]
[SourceVersionDate "2005.09.26"]
[SourceQuality "1"]

1. d4 Nf6 2. Nf3 e6 3. e3 c5 (3... b6 4. Bd3 Bb7 5. O-O d5 6. b3 Bd6 7. Ne5 O-O
8. Bb2 Qe7 (8... Nbd7 9. Qe2 c5 10. Nd2 Qe7 11. Rad1 Rac8 12. f4 g6 13. g4 Rfd8
14. g5 Ne8 15. Rf2 cxd4 16. exd4 Bxe5 17. fxe5 Qxg5+ 18. Rg2 Qe7 19. Nf3 $44 {
[%cal Gb2c1,Gc1g5] Hoffman,A-Urday,H/Alicante 1989/TD}) (8... c5 9. Nd2 Ne4 10.
Bxe4 dxe4 11. Nec4 cxd4 12. Nxd6 Qxd6 13. Bxd4 e5 14. Nc4 Qe6 15. Nxe5 f6 16.
Nc4 Ba6 $13 {Malaniuk,V-Sulskis,S/Bydgoszcz 1999/EXT 2000}) 9. a3 Rc8 10. Nd2
c5 11. c4 Nbd7 12. f4 Rc7 13. a4 Nf8 14. a5 Rd8 15. Qe2 Ne4 $132 {Ristic,
N-Drasko,M/Kladovo 1991/TD}) 4. Bd3 d5 5. b3 Nc6 6. O-O Bd6 7. Bb2 O-O 8. Nbd2
b6 9. a3 Bb7 10. Ne5 Ne7 (10... Rc8 11. f4 Ne7 12. Qf3 b5 $1 (12... Qc7 13.
dxc5 bxc5 14. Ng4 Ne8 15. Qh3 f5 16. Nf3 d4 $13 {Sorokin,G-Zagrebelny,S/
Vladivostok 1995/CBM 46}) 13. dxc5 Bxc5 14. Rae1 Nf5 $1 {[%csl Re3]} 15. Qh3
Ne4 16. Nxe4 dxe4 $132 {Krasenkov,N-Yu Shaoteng,L/ Wijk an Zee/2002}) (10... a6
11. Qf3 b5 12. Nxc6 Bxc6 13. dxc5 Bxc5 14. e4 Be7 15. Rfe1 Qc7 $13 {Zaitsev,
V-Jakovenko,D/RUS 2000}) 11. f4 (11. Qf3 Ng6 12. Qh3 cxd4 13. Nxg6 hxg6 14.
exd4 Nh5 15. g3 a5 16. a4 Ba6 17. Bxa6 Rxa6 18. Rfe1 Ra7 19. Qf1 Rc7 20. c3 {
1/2-1/2 Bagirov,V-Kochyev,A/Leningrad 1989}) (11. Qe2 Qc7 (11... Ng6 12. Nxg6
hxg6 13. f4 Rc8 14. Nf3 cxd4 15. Bxd4 Qe7 16. a4 Bb4 17. Ng5 $36 {Borngaesser,
R-Skripchenko,A/Germany 1999}) (11... Rc8 12. Rac1 Ng6 13. c4 cxd4 14. Nxg6
hxg6 15. exd4 Qe7 16. b4 dxc4 17. Nxc4 Bf4 18. Rc2 Qd7 19. Re1 Qd5 20. Ne3 Qg5
$15 {Bessieres,C-Chuchelov,V/France 2002}) 12. c4 (12. f4 Ne4 13. Bxe4 dxe4 14.
Ndc4 Nf5 15. Nxd6 Qxd6 16. g4 Nh4 17. Qf2 Nf3+ 18. Nxf3 exf3 $11 {Danner,
G-Anka,E/Budapest 2004}) 12... cxd4 13. exd4 Ng6 14. f4 Rad8 15. Qe3 Ba8 16.
Rac1 dxc4 17. bxc4 Qe7 $13 {Polgar,Z-Psakhis,L/Amsterdam 1990}) 11... Ne4 {
Aimed to prevent 12.Qf3, even though black seems to be doing fine after 11...
Rc8 12.Qf3 b5!} (11... cxd4 12. exd4 Ne4 13. Qe2 f5 14. Ndf3 Nc6 15. Nxc6 Bxc6
16. Ne5 Rc8 17. a4 Rf6 $11 {Danner,G-Petran,P/Austria 2000}) (11... Rc8 $5) 12.
Qe2 (12. c3 $6 f6 13. Ng4 Qc7 14. Rc1 Nxd2 15. Qxd2 c4 16. bxc4 dxc4 17. Bb1
Nd5 18. Rce1 f5 $15 {Catteau,B-Vallin,G/France 2001}) 12... f6 (12... Nf5 $6
13. Rad1 Rc8 14. g4 Ne7 (14... Nxd2 15. Rxd2 Ne7 16. dxc5 bxc5 17. g5 $36) 15.
Bxe4 $1 dxe4 16. dxc5 Rxc5 17. Nec4 $14) 13. Nef3 Rc8 14. c4 Nxd2 $6 {Opening
up diagonal b1-h7 for the white pieces.} (14... Qe8) 15. Nxd2 Re8 16. Rad1 $14
{[%csl Rh7][%cal Gd3b1,Ge2d3,Gf1f3,Gf3h3]} Qc7 (16... cxd4 17. exd4 Nf5) 17.
dxc5 bxc5 ({No easy life was expecting black after} 17... Bxc5 18. b4 Bd6 19.
Qh5 f5 20. Rf3 Ng6 21. Rh3 Nf8 22. cxd5 Bxd5 23. Nf3 $16) 18. Bb1 Ng6 19. Qh5
d4 {[%csl Gf3]} (19... Nf8 20. Rf3 g6 21. Qh4 $40 {[%csl Rf6]}) 20. exd4 Bxf4
21. d5 $1 exd5 22. cxd5 Be5 23. Nc4 Bxb2 24. Nxb2 Re5 25. Rf5 Rce8 (25... Rxf5
26. Bxf5 Rd8 27. Nc4 Nf8 28. d6 Qf7) 26. Nc4 Re2 27. Bd3 $5 (27. Rf3 Qd8 28.
Rh3 $6 Rxg2+ 29. Kf1 Ree2 30. Qxh7+ Kf8 31. Bxg6 Ref2+ 32. Ke1 Re2+ $11) 27...
Ra2 28. Rf3 Qd7 29. Bf5 Qd8 30. Rg3 $2 {Missing a simple tactical blow.} (30.
Rh3 $2 Qxd5 $1 31. Qxh7+ Kf8 $19) (30. Bxg6 $1 hxg6 31. Qxg6 Ree2 32. Ne3 Qe7
33. Qd3 $16) 30... Qxd5 $1 31. Qg4 $2 {Young Cuban grandmaster was obviously
shocked by his blunder ona previous move, so he loses this position in a
couple of moves, even though after correct} (31. Kf1 $8 Qf7 32. Rd7 Ra1+ 33.
Kf2 Re7 34. Rd8+ $11 {a game would end up a draw.}) 31... Ree2 $17 32. Nd2 $2 (
32. Qxe2 Rxe2 33. Rxd5 Bxd5 34. Bxg6 hxg6 35. Rxg6 Bxc4 36. bxc4 Re3 $17) 32...
Raxd2 33. Be6+ Rxe6 $1 0-1